|
|
|
|
| LEADER |
00842nam a2200229 a 4500 |
| 001 |
0821325817 |
| 008 |
100125s1993 dcua b 000 0 eng d |
| 020 |
|
|
|a 0821325817
|
| 040 |
|
|
|a UCM.CEE
|d BD-DhAAL
|
| 082 |
0 |
0 |
|a 332.1/532
|2 20
|
| 245 |
1 |
0 |
|a The World Bank and the environment :
|b fiscal 1993.
|
| 260 |
|
|
|a Washington, D.C. :
|b World Bank,
|c 1993.
|
| 300 |
|
|
|a xii,193p :
|b ill., 1 port ;
|c 23cm.
|
| 504 |
|
|
|a Includes bibliographical references.
|
| 541 |
1 |
|
|e 00006497
|
| 610 |
2 |
4 |
|a World Bank.
|
| 650 |
|
0 |
|a Economic development
|x Environmental aspects.
|
| 650 |
|
0 |
|a Environmental policy.
|
| 710 |
2 |
|
|a World Bank.
|
| 852 |
4 |
|
|a Ayesha Abed Library
|j General shelf
|
| 999 |
|
|
|c 7183
|d 7183
|
| 952 |
|
|
|0 0
|1 0
|2 ddc
|4 0
|6 332_153200000000000_WOR_1993
|7 0
|9 7470
|a BRACUL
|b BRACUL
|c GEN
|d 2010-01-26
|l 0
|o 332.1532 WOR
|p 3010006497
|r 2010-01-26
|t 1
|w 2010-01-26
|y BK
|